000
00260nam a2200109Ia 4500
008
190913s9999||||xx |||||||||||||| ||und||
100
_a
Horton,Ivor
245
0
_a
Beginning Visual C++ 6
260
_a
Calcutta
_b
Microsoft Press
_c
1999
300
_a
925
942
_c
BK
999
_c
8033
_d
8033